00348nam a2200145Ia 4500008004100000020002200041041000800063082001100071100002300082260003000105245003200135250000600167300000800173650002100181220805s9999 xx 000 0 und d a978-0-632-05696-7 aeng a746.43 aBrackenbury, Terry aUKbBlackwell pub.,c1992 aKnitted clothimng technlogy a1 a197 aMachine knitting